The short stories of Sean O'Faolain / (Record no. 7534)
[ view plain ]
| 000 -LEADER | |
|---|---|
| fixed length control field | 00842cam a22002772 4500 |
| 003 - CONTROL NUMBER IDENTIFIER | |
| JCCL marc code | UkOxU |
| 005 - DATE AND TIME OF LATEST TRANSACTION | |
| control field | 20180211121148.0 |
| 008 - FIXED-LENGTH DATA ELEMENTS--GENERAL INFORMATION | |
| fixed length control field | 760810s1976 enk b 000 0 eng |
| 020 ## - INTERNATIONAL STANDARD BOOK NUMBER | |
| International Standard Book Number | 0901072303 |
| 035 ## - SYSTEM CONTROL NUMBER | |
| system control number | OCLC ocm02428882 from D960910M |
| 040 ## - CATALOGING SOURCE | |
| Original cataloging agency | DLC |
| Transcribing agency | DLC |
| Modifying agency | EQO |
| 041 ## - LANGUAGE CODE | |
| Language code of Book | eng |
| 050 00 - LIBRARY OF CONGRESS CALL NUMBER | |
| Classification number | PR6029.F3 |
| Item number | Z87 1976b |
| 082 00 - DEWEY DECIMAL CLASSIFICATION NUMBER | |
| Classification number | 823/.9/12 |
| Author mark and Year | RIP 1976 |
| 100 1# - MAIN ENTRY--PERSONAL NAME | |
| Personal name | Rippier, Joseph Storey. |
| 245 14 - TITLE STATEMENT | |
| Title | The short stories of Sean O'Faolain / |
| Remainder of title | a study in descriptive techniques . |
| Statement of responsibility, etc | [by] Joseph Storey Ripper. |
| 260 ## - PUBLICATION, DISTRIBUTION, ETC. (IMPRINT) | |
| Place of publication, distribution, etc | Gerrards Cross : |
| Name of publisher, distributor, etc | Smythe, |
| Date of publication, distribution, etc | 1976. |
| 300 ## - PHYSICAL DESCRIPTION | |
| Pagination | 162 p. : |
| Dimensions | 23 cm. |
| 504 ## - BIBLIOGRAPHY, ETC. NOTE | |
| Bibliography, etc | Bibliography: p. 158-162. |
| 600 10 - SUBJECT ADDED ENTRY--PERSONAL NAME | |
| Personal name | O'Faoláin, Seán, |
| Dates associated with a name | 1900-1991 |
| General subdivision | Technique. |
| 650 #0 - SUBJECT ADDED ENTRY--TOPICAL TERM | |
| Topical term or geographic name as entry element | Description (Rhetoric) |
| 650 #0 - SUBJECT ADDED ENTRY--TOPICAL TERM | |
| Topical term or geographic name as entry element | Short story. |
| 651 #0 - SUBJECT ADDED ENTRY--GEOGRAPHIC NAME | |
| Geographic name | Ireland |
| General subdivision | In literature. |
| 942 ## - ADDED ENTRY ELEMENTS (KOHA) | |
| Source of classification or shelving scheme | Dewey Decimal Classification |
| Koha item type | Books |
| Source of classification or shelving scheme | Damaged status | Not for loan | Home library | Current library | Shelving location | Date of accession | Total Checkouts | Full call number | Barcode | Date last seen | Copy number | Koha item type |
|---|---|---|---|---|---|---|---|---|---|---|---|---|
| Dewey Decimal Classification | JCC Rouf Library | JCC Rouf Library | General Stacks | 02/10/2018 | 823/.9/12 RIP 1976 | 9896 | 02/11/2018 | C - 1 | Books |